[Event "GER-ch U25-B"]
[Site "Willingen"]
[Date "2023.05.29"]
[Round "3"]
[White "Heitmann, Erik"]
[Black "Eitel, Luc"]
[Result "1/2-1/2"]
[WhiteElo "1236"]
[BlackElo "1424"]
[PlyCount "176"]
[EventDate "2023.05.27"]
[EventType "swiss"]
[EventRounds "9"]
[EventCountry "GER"]
[SourceTitle "CBM 214 Extra"]
[Source "ChessBase"]
[SourceDate "2023.07.31"]
[SourceVersion "1"]
[SourceVersionDate "2023.07.31"]
[SourceQuality "1"]

1. d4 d5 2. c4 dxc4 3. Nf3 e6 4. e4 c5 5. Bxc4 cxd4 6. Qxd4 Qxd4 7. Nxd4 Bb4+ 8. Bd2 Bxd2+ 9. Nxd2 Nd7 10. Rc1 Ngf6 11. Ke2 a6 12. Bb3 0-0 13. Rc7 Nb6 14. a4 Rd8 15. N4f3 Rb8 16. Ne5 Bd7 17. a5 Bb5+ 18. Bc4 Nxc4 19. Ndxc4 Rbc8 20. Rxc8 Rxc8 21. b3 Bxc4+ 22. Nxc4 Nxe4 23. Ke3 Nf6 24. g3 Kf8 25. f3 Ke7 26. Rd1 Nd5+ 27. Kd4 Rc6 28. Rb1 b5 29. axb6 Nxb6 30. Nxb6 Rxb6 31. Kc5 Rb5+ 32. Kc4 Rd5 33. Rb2 a5 34. f4 g5 35. Rf2 gxf4 36. Rxf4 f5 37. Rh4 Kd6 38. Rxh7 Rc5+ 39. Kd3 e5 40. h4 e4+ 41. Kd2 Rd5+ 42. Ke2 Rd3 43. Rg7 Rxb3 44. h5 Rb8 45. h6 Rh8 46. Ra7 Ke6 47. Ke3 Kf6 48. h7 Kg5 49. Rg7+ Kh6 50. Ra7 Rxh7 51. Rxa5 Kg5 52. Ra8 Rg7 53. Re8 Kg4 54. Kf2 Kg5 55. Ke3 Kg4 56. Kf2 Rg5 57. Re7 Rg8 58. Re6 Rb8 59. Rg6+ Kh5 60. Re6 Rb2+ 61. Ke3 Rb3+ 62. Kf2 Rf3+ 63. Kg2 Kg5 64. Re8 Kf6 65. Ra8 Rd3 66. Kf2 Ke5 67. Re8+ Kd4 68. Rc8 Rd2+ 69. Ke1 Ke3 70. Rc5 Rb2 71. Kd1 Rf2 72. Ke1 Rg2 73. Kd1 Rxg3 74. Rxf5 Rf3 75. Ra5 Rf1+ 76. Kc2 Ke2 77. Re5 e3 78. Re8 Rf3 79. Rh8 Rf2 80. Kc3 Ke1 81. Ra8 Rd2 82. Ra1+ Rd1 83. Ra8 e2 84. Rf8 Rc1+ 85. Kb2 Rc8 86. Rxc8 Kd2 87. Rc2+ Kd1 88. Rxe2 Kxe2 1/2-1/2

[Event "Bremen Silvester op-B"]
[Site "Bremen"]
[Date "2022.12.28"]
[Round "3"]
[White "Schroeder, Harm"]
[Black "Eitel, Luc"]
[Result "1-0"]
[WhiteElo "1703"]
[BlackElo "1208"]
[PlyCount "67"]
[EventDate "2022.12.27"]
[EventType "swiss"]
[EventRounds "7"]
[EventCountry "GER"]
[SourceTitle "CBM 211 Extra"]
[Source "ChessBase"]
[SourceDate "2023.01.31"]
[SourceVersion "1"]
[SourceVersionDate "2023.01.31"]
[SourceQuality "1"]

1. e4 c5 2. Nf3 d6 3. d4 cxd4 4. Nxd4 a6 5. Nc3 e5 6. Nf3 Nf6 7. Be2 Be7 8. Bg5 Nbd7 9. Qd2 Nc5 10. Bxf6 Bxf6 11. 0-0-0 Be7 12. Bc4 b5 13. Bd5 Bb7 14. Bxb7 Nxb7 15. Nd5 Rc8 16. Kb1 0-0 17. h4 Rc4 18. Qe2 f5 19. Nd2 Rc8 20. g3 fxe4 21. Nxe4 Rf7 22. f4 exf4 23. Nxf4 Bf6 24. Nxf6+ Qxf6 25. Rhf1 Qe5 26. Qd3 Qf5 27. a3 Qxd3 28. Rxd3 Rc4 29. Rfd1 Rf5 30. Nd5 Kf7 31. Ne3 Rf3 32. Nxc4 Rxd3 33. cxd3 bxc4 34. dxc4 1-0

[Event "GER-ch Youth-C"]
[Site "Willingen"]
[Date "2022.06.05"]
[Round "2"]
[White "Eitel, Luc"]
[Black "Ginschel, Leonhard"]
[Result "1/2-1/2"]
[WhiteElo "1220"]
[BlackElo "1236"]
[PlyCount "88"]
[EventDate "2022.06.04"]
[EventType "swiss"]
[EventRounds "9"]
[EventCountry "GER"]
[SourceTitle "CBM 208 Extra"]
[Source "ChessBase"]
[SourceDate "2022.07.31"]
[SourceVersion "1"]
[SourceVersionDate "2022.07.31"]
[SourceQuality "1"]

1. e4 e5 2. Nf3 Nc6 3. Bc4 Bc5 4. c3 Nf6 5. d3 d6 6. a4 a6 7. Bg5 h6 8. Bxf6 Qxf6 9. h3 Ba7 10. Nbd2 Ne7 11. Nf1 Ng6 12. g3 h5 13. h4 Bg4 14. N1h2 Ne7 15. Qe2 Be6 16. Bxe6 Qxe6 17. Nf1 f6 18. Ne3 0-0-0 19. b4 d5 20. b5 a5 21. Qa2 Qd7 22. Qd2 dxe4 23. dxe4 Qxd2+ 24. Nxd2 Bxe3 25. fxe3 Rd3 26. Nc4 b6 27. Rc1 Kb7 28. Ke2 Rhd8 29. Rhd1 Rxd1 30. Rxd1 Rxd1 31. Kxd1 Nc8 32. Ke2 Nd6 33. Nxd6+ cxd6 34. Kf3 Kc7 35. g4 hxg4+ 36. Kxg4 Kd7 37. Kf5 Ke7 38. Kg6 Kf8 39. h5 Kg8 40. c4 Kf8 41. h6 gxh6 42. Kxf6 h5 43. Kg5 Kg7 44. Kxh5 Kh7 1/2-1/2